000
00307nam a22001337a 4500
008
181015b xxu||||| |||| 00| 0 eng d
020
_a
0226027848
041
_a
eng
080
_a
316
100
_a
50
101
_a
SOC
245
_a
The Shadow of God and the Hidden Imam
_c
Arjomand,S.A
942
_2
udc
_c
BK
999
_c
49719
_d
49719